Pokémon de la neuvième génération - Mort subite - Statistiques

Statistiques générales
  • Ce quiz a été pris 47 fois
    14 depuis la dernière actualisation
  • Le résultat moyen est 13 sur 15
Answers on the Grid
Answers color-coded by a green-red scale on the quiz's grid according to % correct below.
Carmadura
Vrombi
Crocrodil
Pomdrapi
Dogrino
Axoloto de Paldea
Félicanis
Selutin
Polthégeist
Dofin
Crabaraque
Salarsen
Mordudor
Courrousinge
Angoliath Gigamax
Ogerpon
Couaneton
Forgelina
Méga-Brutalibré
Verpom
Tritonde
Persian d'Alola
Lestombaile
Tauros
Compagnol
Duralugon
Fort-Ivoire
Carapagos
Sinistrail
Wailord
 
Statistiques - réponses
Réponse % Correct
Dogrino
100%
Vrombi
100%
Carmadura
92%
Fort-Ivoire
92%
Mordudor
92%
Axoloto de Paldea
83%
Compagnol
83%
Dofin
83%
Félicanis
83%
Forgelina
83%
Lestombaile
83%
Ogerpon
83%
Selutin
83%
Courrousinge
75%
Méga-Brutalibré
58%
Aucun quiz correspondant
Distribution des résultats
% des personnes avec chaque résultat
Percentile par nombre de réponses
Votre historique - résultats
Vous n’avez pas pris ce quiz depuis la dernière actualisation